Mathematical physics : (Record no. 1222)

MARC details
000 -LEADER
fixed length control field 01303nac a22003011i 4500
003 - CONTROL NUMBER IDENTIFIER
control field EG-ScBUE
005 - DATE AND TIME OF LATEST TRANSACTION
control field 20250522134132.0
008 - FIXED-LENGTH DATA ELEMENTS--GENERAL INFORMATION
fixed length control field 250416r20041997ii a f 001 0 eng d
020 ## - INTERNATIONAL STANDARD BOOK NUMBER
International Standard Book Number 8121914698
020 ## - INTERNATIONAL STANDARD BOOK NUMBER
International Standard Book Number 9788121914697
040 ## - CATALOGING SOURCE
Original cataloging agency EG-ScBUE
Language of cataloging eng
Description conventions rda
Transcribing agency EG-ScBUE
Modifying agency EG-ScBUE
082 04 - DEWEY DECIMAL CLASSIFICATION NUMBER
Classification number 530.15
Item number DAS
Edition number 22
100 1# - MAIN ENTRY--PERSONAL NAME
Personal name Dass, H. K.,
Relator term author.
245 10 - TITLE STATEMENT
Title Mathematical physics :
Remainder of title [for the students of B.Sc. (Honours) and M.Sc. (physics)] /
Statement of responsibility, etc prof. H. K. Dass., M.Sc., Diploma in Specialist Studies (Maths.), University of Hull (England) ; assisted by Dr. Rama Verma, M.Sc., Ph.D., Mata Sundri College, Delhi University.
250 ## - EDITION STATEMENT
Edition statement Reprinted with corrections.
264 #1 - PUBLICATION, DISTRIBUTION, ETC. (IMPRINT)
Place of publication, distribution, etc Ram Nagar, New Delhi :
Name of publisher, distributor, etc S. Chand & Company LTD.,
Date of publication, distribution, etc 2004.
300 ## - PHYSICAL DESCRIPTION
Extent xv, 1134 Pages :
Other physical details illustrations ;
Dimensions 24 cm
336 ## - CONTENT TYPE
Source rdacontent
Content type term text
Content type code txt
337 ## - MEDIA TYPE
Media type term unmediated
Source rdamedia
Media type code n
338 ## - CARRIER TYPE
Carrier type term volume
Carrier type code nc
Source rdacarrier
500 ## - GENERAL NOTE
General note Includes index.
521 ## - TARGET AUDIENCE NOTE
Target audience note For the students of B.Sc. (Honours) and M.Sc. (physics).
586 ## - AWARDS NOTE
Awards note Secular India award-98 for national integration and communal harmony given by Prime Minister Shri Atal Behari Vajpayee on 12th June 1999.
650 #7 - SUBJECT ADDED ENTRY--TOPICAL TERM
Topical term or geographic name as entry element Mathematical physics.
Source of heading or term BUEsh
655 ## - INDEX TERM--GENRE/FORM
Form subdivision Reading book
700 1# - ADDED ENTRY--PERSONAL NAME
Personal name Verma, Rama,
Relator term author.
942 ## - ADDED ENTRY ELEMENTS (KOHA)
Koha item type Book - Borrowing
Source of classification or shelving scheme Dewey Decimal Classification
Holdings
Withdrawn status Lost status Source of classification or shelving scheme Damaged status Not for loan Collection code Home library Current library Shelving location Date acquired Source of acquisition Total Checkouts Full call number Barcode Date last seen Price effective from Koha item type
    Dewey Decimal Classification     Baccah Central Library Central Library First floor 29/08/2006 Purchase   530.15 DAS 000003265 15/07/2025 29/08/2006 Book - Borrowing